LEADER 01751nam a2200325 u 4500 001 000000002763 003 CaOOAMICUS 005 20070226104451.0 008 940514s1990 it u000 u ita u 020 $a8837213999 035 $a10068916 040 $aPUL(R)$bita 100 1 $aChiodi, Maurizio,$d1955-$0(OLS)http://pul/name/2943 245 13$aIl cammino della libertà :$bfenomenologia, ermeneutica, ontologia della libertà nella ricerca filosofica di Paul Ricoeur /$cMaurizio Chiodi ; préface di Paul Ricoeur. 260 $aBrescia :$bMorcelliana,$c1990. 300 $axix, 603 p. ;$c24 cm 490 1 $aPubblicazioni del Pontificio Seminario Lombardo in Roma.$aRicerche di scienze teologiche ;$v28 600 14$aRicoeur, Paul,$d1913-2005$xCritica e interpretazione.$0(OLS)http://pul/subject/88 700 1 $aRicoeur, Paul,$d1913-2005.$0(OLS)http://pul/name/31003 710 2 $aPontificio seminario lombardo (Roma).$0(OLS)http://pul/name/2945 830 0$aPubblicazioni del Pontificio Seminario Lombardo in Roma.$pRicerche di scienze teologiche ;$v28.$0(OLS)http://pul/title/4041 850 $aPUL 852 $aPUL$W1$xSL Religione 1$y3$m71.L$j3674$nBK-PRI$b $qStampati$B3674$CPULBib$Z2$F3674 $H $81 852 $aPUL$W1$xDP1 Fondo Bordoni$y120$m3 G 24$j166722$qFondi$B175548$CPULBib$Z2$F175548 $HBor1944 $81 941 1 $a1 941 1 $a8 961 $aINV: 63429 996 $6020$a8837213999$9(OLS)http://pul/number/3670 996 $6245$aIl cammino della libertà :$bfenomenologia, ermeneutica, ontologia della libertà nella ricerca filosofica di Paul Ricoeur$9(OLS)http://pul/title/4040 996 $6260$aBrescia :$bMorcelliana$9(OLS)http://pul/publisher/47854 LEADER 01229nam a2200277 u 4500 001 000000073644 003 CaOOAMICUS 005 20070226122356.0 008 021003s2002 ne u000 u eng u 020 $a9004120548 035 $a10941029 040 $aIPA$bita 100 1 $aMatthews, Christopher R.$0(OLS)http://pul/name/48795 245 10$aPhilip apostle and evangelist :$bconfigurations of a tradition /$cby Christopher R. Matthews. 260 $aLeiden :$bBrill,$c2002. 300 $axv, 257 p. :$bill. ;$c25 cm 490 1 $aSupplements to Novum Testamentum ;$vv. 105 500 $aComprende riferimenti bibliographici (p. 219-238) e indice. 600 04$aPhilippus,$cs., apostolo.$0(OLS)http://pul/subject/25815 830 0$aSupplements to Novum Testamentum ;$vv. 105.$0(OLS)http://pul/title/4774 850 $aPUL 852 $aPUL$W1$xSL Religione 1$y3$m225.5/Coll/1.105$j95117$nBK-PRI$qStampati$B95117$CPULBib$Z2$F95117 $HPUL98292 $82 941 1 $a8 996 $6020$a9004120548$9(OLS)http://pul/number/95051 996 $6245$aPhilip apostle and evangelist :$bconfigurations of a tradition$9(OLS)http://pul/title/96765 996 $6260$aLeiden :$bBrill$9(OLS)http://pul/publisher/47956